• 首页
  • 本馆介绍
  • 公告通知
  • 最新文献
  • 馆藏检索
  • 电子资源
  • 读者导购
  • 参考咨询
  • 我的图书馆
  • 登录
  • 详细信息显示
  • 放入我的书架
  • 预约/预借图书
  • 作者相关作品
  • 分类相关作品
  • 丛书相关作品
  • 出版社相关作品

书目信息

  • 表格格式
  • 工作单格式
  • 卡片格式
题名:
田径运动的科学研究与人才培养
    
 
作者: 黄亚飞 著
分册:  
出版信息: 北京   中国原子能出版社  2021.3
页数: 206页
开本: 24cm
丛书名:
单 册:
中图分类: G82
科图分类:
主题词: 田径运动--运行训练--研究 , 田径运动--人才培养--研究
电子资源:
ISBN: 978-7-5221-1216-9
000 01035nam0 2200241 45
001 012001000989
005 20130910110943.0
010    @a978-7-5221-1216-9@dCNY75.00
100    @a20210511d2021 em y0chiy0110 ea
101 0  @achi
102    @aCN@b110000
105    @ay z 000yy
106    @ar
200 1  @a田径运动的科学研究与人才培养@Atian jing yun dong de ke xue yan jiu yu ren cai pei yang@f黄亚飞著
210    @a北京@c中国原子能出版社@d2021.3
215    @a206页@d24cm
330    @a本书对田径运动训练的相关理论和各项运动的具体训练进行了详尽阐述,力求将田径运动训练科学化系统化地研究成果展现给读者,让喜爱田径运动的爱好者、学生、运动员等能够更好、更快地掌握田径技术和理论,有效地提高他们的身体素质和体育技能,为自身的提升打下坚实基础。本书同时还探讨了有关田径后备人才培养的相关内容,研究田径后备人才培养的主要问题及对策。
606 0  @a田径运动@x运行训练@x研究
606 0  @a田径运动@x人才培养@x研究
690    @aG82@v5
701  0 @a黄亚飞@Ahuang ya fei@4著
801    @aCN@b江苏凤凰@c20211018
905    @b1341779-82@dG82@e187@f4
    
    田径运动的科学研究与人才培养/黄亚飞著.-北京:中国原子能出版社,2021.3
    206页;24cm
    
    
    ISBN 978-7-5221-1216-9:CNY75.00
    本书对田径运动训练的相关理论和各项运动的具体训练进行了详尽阐述,力求将田径运动训练科学化系统化地研究成果展现给读者,让喜爱田径运动的爱好者、学生、运动员等能够更好、更快地掌握田径技术和理论,有效地提高他们的身体素质和体育技能,为自身的提升打下坚实基础。本书同时还探讨了有关田径后备人才培养的相关内容,研究田径后备人才培养的主要问题及对策。
●
相关链接 在E读中查询图书 在五车中查询图书 在当当中查询图书 在豆瓣中查询图书


正题名:田径运动的科学研究与人才培养     索取号:G82/187         预约/预借

序号 登录号 条形码 馆藏地/架位号 状态 备注
1 1341779   213417792   第一样本阅览室/ [索取号:G82/187] 在馆    
2 1341780   213417809   第四借阅区/ [索取号:G82/187] 在馆    
3 1341781   213417818   第四借阅区/ [索取号:G82/187] 在馆    
4 1341782   213417827   第四借阅区/ [索取号:G82/187] 在馆    
唐山师范学院图书馆 欢迎您!
大连网信软件有限公司© 版权所有